Scramble fotballklubber i Norge - Statistics

General Stats
  • This quiz has been taken 36 times
  • The average score is 6 of 12
Answer Stats
Klubb % Correct
Alta
100%
Bærum
100%
Bodø/Glimt
100%
Brann
100%
Hødd
100%
Jerv
100%
Moss
100%
Odd
100%
Sarpsborg 08
100%
Stabæk
100%
Strømsgodset
100%
Lillestrøm
80%
Bryne
75%
Molde
75%
Tromsø
75%
Vålerenga
75%
HamKam
71%
KFUM
67%
Viking
67%
Florø
60%
Rosenborg
60%
Ull/Kisa
60%
Fredrikstad
50%
Kongsvinger
50%
Strømmen
50%
Sogndal
43%
Senja
40%
Asker
33%
Fløy
33%
Fløya
33%
Fram Larvik
33%
Grorud
33%
Kristiansund
33%
Øygarden
33%
Skeid
33%
Start
33%
Nardo
30%
Brattvåg
25%
Kvik Halden
25%
Levanger
25%
Mjøndalen
25%
Ranheim
25%
Sotra
25%
Notodden
17%
Arendal
0%
Åsane
0%
Egersund
0%
Eidsvold Turn
0%
Haugesund
0%
Kjelsås
0%
Raufoss
0%
Sandefjord
0%
Sandnes Ulf
0%
Stjørdals-Blink
0%
Tromsdalen
0%
Vard Haugesund
0%
No matching quizzes found
Score Distribution
Percent of People with Each Score
Percentile by Number Answered
Your Score History
You have not taken this quiz